000 00682nam a22002177a 4500
001 114191
003 DR-UNIBE
005 20251112111016.0
008 251103b2010 dr ||||| |||| 00| 0 spa d
040 _aBIBLIOTECA UNIBE
_cBIBLIOTECA UNIBE
_erda
041 _aspa
082 _aRD 334 C755c
110 2 _aConsejo Nacional de Cooperativas (CONACOOP)
_9200667
245 1 0 _aCooperativismo identidad y responsabilidad social
260 _aSanto Domingo :
_bConsejo Nacional de Cooperativas (CONACOOP),
_c2010
300 _a86 páginas
650 7 _2lemb
_aCooperativismo
650 7 _2lemb
_aCooperativas
653 0 0 _aResponsabilidad social de la empresa
942 _2ddc
_cBK
999 _c114191
_d114191